| 000 | 00724nas a2200229 4500 | ||
|---|---|---|---|
| 001 | BR2012003943 | ||
| 003 | BR-BrBNA | ||
| 005 | 20231205120631.0 | ||
| 007 | ta | ||
| 008 | 230509b bl.|||p| |||| 00| 00por d | ||
| 040 |
_aBR-BrBNA _bpor _cBiblioteca Nacional de Agricultura |
||
| 041 | _a(Pt) | ||
| 072 | _aF50 | ||
| 100 | 1 | _aSilveira, N.J.E. | |
| 245 | 1 | _aGESNERIACEAE: duas novas ocorrências para o Estado do Rio Grande do Sul, Brasil | |
| 650 | _aPLANTA ANGIOSPERMA | ||
| 650 | _aMORFOLOGIA VEGETAL | ||
| 650 | _aRIO GRANDE DO SUL | ||
| 773 | 0 |
_tIheringia. Série Botânica (Brazil) _xISSN 0073-4705 _g(Dec 1992), v.42 p. 81-85 _wBR2012003943 |
|
| 909 |
_a202311 _bLúcia _c55 _dLúcia Elande |
||
| 942 |
_2AGRIS _n0 _cANA |
||
| 999 |
_c219484 _d219484 |
||